<The> Constantly Innovative Tesco
Meniace sa procesy vytvárajú účinnejšie zavádzanie nových nápadov a obnovu inovácií. Najnovšie inovácie spoločnosti Tesco na slovenskom maloobchodnom trhu. Význam inovácií a výskum v budúcnosti.
Salvato in:
| Autore principale: | |
|---|---|
| Altri autori: | , |
| Natura: | Capitolo di libro |
| Lingua: | inglese |
| Soggetti: | |
| Tags: |
Nessun Tag, puoi essere il primo ad aggiungerne!!
|
MARC
| LEADER | 00000naa$a2200000$$$4500 | ||
|---|---|---|---|
| 001 | 0208113 | ||
| 005 | 20240502073448.2 | ||
| 041 | 0 | |a eng | |
| 044 | |a SK | ||
| 245 | 1 | 0 | |a <The> Constantly Innovative Tesco |c Enikő Dobai Korcsmáros, Erika Seres Huszárik, Mónika Simon |
| 520 | |a Meniace sa procesy vytvárajú účinnejšie zavádzanie nových nápadov a obnovu inovácií. Najnovšie inovácie spoločnosti Tesco na slovenskom maloobchodnom trhu. Význam inovácií a výskum v budúcnosti. | ||
| 610 | 2 | 0 | |a inovácia |
| 610 | 2 | 0 | |a efektívnosť inovácií |
| 610 | 2 | 0 | |a transfer inovácií |
| 610 | 2 | 0 | |a centrá inovačné |
| 610 | 2 | 0 | |a maloobchod |
| 610 | 2 | 0 | |a centrá nákupné |
| 610 | 2 | 0 | |a megamarkety |
| 100 | 1 | |a Dobai Korcsmáros, Enikő | |
| 700 | 1 | |a Seres Huszárik, Erika | |
| 700 | 1 | |a Simon, Mónika | |